Responses for Show #4383 - Wednesday, October 1, 2003

Contestants

[<< previous game]

Elisabeth Corkran, a human resources coordinator from Atlanta, Georgia

Brad Telford, a waiter from Houston, Texas

Chuck Champagne, a vice president of finance from Cumberland, Rhode Island (whose 3-day cash winnings total $49,002)

[next game >>]

Jeopardy! Round responses

IT'S NOT BRAIN SURGERY
ONE-CONGRESSMAN STATES
POP MUSIC PAIRINGS
ENGLISH COUNTY NAMES
THE GOOD BOOK
THIRTY SOMETHING
    $200 13
carving the turkey

Chuck
    $200 26
(Chuck: What is Wyoming?)

Alaska

Chuck
Triple Stumper
    $200 1
Huey Lewis

Chuck
    $200 21
Worcestershire Sauce

Elisabeth
    $200 6
Moses

Elisabeth
    $200 9
30

Brad
    $400 14
oil

Chuck
    $400 27
Wyoming

Chuck
    $400 2
KC

Chuck
    $400 22
Surrey

Chuck
    $400 7
German

Brad
    $400 10
31

Elisabeth
    $600 15
vinegar

Elisabeth
    $600 28
Delaware

Chuck
    $600 3
Smokey Robinson

Elisabeth
    $600 23
(Brad: What is Stilton?)

Cheshire

Brad
Triple Stumper
    $600 8
(Alex: And I can identify to the truth of that!)

wine

Chuck
    $600 18
35mm

Elisabeth
    $800 16
.08

Chuck
    $800 29
Montana

Triple Stumper
    $800 4
Danny

Triple Stumper
    $800 24
Somerset

Chuck
    $800 11
John the Baptist

Elisabeth
    $800 19
33 1/3

Brad
    $1000 17
(Brad: What is a line?)

perspective

Brad
Triple Stumper
    $1000 30
North Dakota

Brad
    $1000 5
Tommy James

Elisabeth
    $1,000 25
(Chuck: What is Suffolk?)
...
(Alex: Minute to go.)

Kent (in Smallville)

Chuck
    $1000 12
Elijah

Elisabeth
    $1000 20
(Brad: What is 16?)

32

BradElisabeth

Scores at the first commercial break (after clue 15):

Chuck Brad Elisabeth
$1,800 $600 $4,600

Scores at the end of the Jeopardy! Round:

Chuck Brad Elisabeth
$3,600 -$200 $6,400

Double Jeopardy! Round responses

IT IS BRAIN SURGERY
AN OCTOBER FIRST FEST
ASIAN CAPITALS
FILMS OF THE '90s
MILITARY HISTORY
CROSSWORD CLUES "C"
    $400 1
benign

Elisabeth
    $400 12
Mikhail Gorbachev

Chuck
    $400 13
Kabul

Brad
    $400 2
Bill & Ted

Elisabeth
    $400 18
New Orleans

Chuck
    $400 7
count

Elisabeth
    $800 27
gray

Elisabeth
    $800 23
Model T

Brad
    $800 14
Kathmandu

Brad
    $2,000 3
Speed

Elisabeth
    $800 19
Vietnam

Chuck
    $800 8
compass

Brad
    $1200 28
stroke

Chuck
    $1200 24
William Rehnquist

Chuck
    $1200 15
(Chuck: What is Pyongpeng?)

Pyongyang

ChuckBrad
    $1200 4
Thelma & Louise

Brad
    $2,600 20
[the Ardenne Forest]

the Battle of the Bulge

Chuck
    $1200 9
chopsticks

Elisabeth
    $1600 29
(Brad: What is light?)
(Chuck: What are protons?)

radiation

ChuckBrad
Triple Stumper
    $1600 25
(Elisabeth: What is the Postal Service?)

rural free delivery

Elisabeth
Triple Stumper
    $1600 16
Rangoon (or Yangon)

Chuck
    $1600 5
The Road to Wellville

Elisabeth
    $1600 21
Turkey

Triple Stumper
    $1600 10
coal

Brad
    $2000 30
magnetic resonance

Brad
    $2000 26
(Chuck: Who were the French?)
...
(Alex: A minute to go now.)

the Franks

ChuckElisabeth
    $2000 17
Vientiane

Triple Stumper
    $2000 6
Soul Food

Elisabeth
    $2000 22
Borodino

Triple Stumper
    $2000 11
(Brad: What is Christ?)

chasm

Brad
Triple Stumper

Scores at the end of the Double Jeopardy! Round:

Chuck Brad Elisabeth
$7,000 $5,000 $15,600
(lock game)

[wagering suggestions for these scores]

Final Jeopardy! Round responses

PHRASE ORIGINS
(Alex: Brad, one of our producers thought it was "Every man for himself!")
BradWhat is "women and children first."
$5,000
ChuckWhat is ?
$4,000
ElisabethWhat is 21-gun salute?
$1,000
women and children first

Final scores:

Chuck Brad Elisabeth
$3,000 $10,000 $14,600
3rd place: $1,000 2nd place: $2,000 New champion: $14,600

Game dynamics:

Coryat scores:

Chuck Brad Elisabeth
$6,600 $5,000 $14,400
17 R
(including 1 DD),
5 W
(including 1 DD)
12 R,
5 W
19 R
(including 1 DD),
1 W

Combined Coryat: $26,000

[game clues] [game scores] [suggest correction]

Game tape date: 2003-07-29
The J! Archive is created by fans, for fans. Scraping, republication, monetization, and malicious use prohibited; this site may use cookies and collect identifying information. See terms. The Jeopardy! game show and all elements thereof, including but not limited to copyright and trademark thereto, are the property of Jeopardy Productions, Inc. and are protected under law. This website is not affiliated with, sponsored by, or operated by Jeopardy Productions, Inc. Join the discussion at JBoard.tv.